Informe gestión institucional anual 2002 (Registro nro. 6249)
[ vista simple ]
| 000 -CABECERA | |
|---|---|
| Campo de control | 00630nam a2200205 a 4500 |
| 005 - FECHA Y HORA DE LA ULTIMA TRANSACCION | |
| Campo de control | 20250429170403.0 |
| 008 - ELEMENTOS DE LONGITUD FIJA—INFORMACION GENERAL | |
| Campo de control | 171211b xxu||||| |||| 00| 0 spa d |
| 040 ## - FUENTE DE CATALOGACIÓN | |
| Agencia catalogadora original | CO-BoIAVH |
| Agencia transcriptora | CO-BoIAVH |
| 041 ## - IDIOMA | |
| Código de idioma para texto/pista de sonido o título separado | Español |
| 090 ## - CLASIFICACIÓN LOCAL | |
| Colección | IAVH |
| Consecutivo | 0006 |
| 110 ## - ASIENTO PRINCIPAL--NOMBRE CORPORATIVO | |
| Unidad subordinad | Instituto de Investigación de Recursos Biológicos Alexander von Humboldt |
| 9 (RLIN) | 204 |
| 245 ## - MENCION DE TITULO | |
| Título | Informe gestión institucional anual 2002 |
| 260 ## - PUBLICACION, DISTRIBUCION, ETC. (PIE DE IMPRENTA) | |
| Lugar de publicación, distribución, etc. | Bogotá |
| Nombre del editor, distribuidor, etc. | Instituto Alexander von Humboldt |
| Fecha de publicación, distribución, etc. | 2002 |
| 300 ## - DESCRIPCION FISICA | |
| Extensión | 98 Páginas |
| 650 16 - ASIENTO SECUNDARIO DE MATERIA - TERMINO TEMATICO | |
| Término temático o nombre geográfico como elemento de entrada | Inventarios |
| 9 (RLIN) | 92201 |
| 650 16 - ASIENTO SECUNDARIO DE MATERIA - TERMINO TEMATICO | |
| Término temático o nombre geográfico como elemento de entrada | Biología |
| 9 (RLIN) | 92 |
| 650 16 - ASIENTO SECUNDARIO DE MATERIA - TERMINO TEMATICO | |
| Término temático o nombre geográfico como elemento de entrada | Política |
| 9 (RLIN) | 87715 |
| 650 16 - ASIENTO SECUNDARIO DE MATERIA - TERMINO TEMATICO | |
| Término temático o nombre geográfico como elemento de entrada | Biodiversidad |
| 9 (RLIN) | 92204 |
| 942 ## - ELEMENTOS ADICIONALES (KOHA) | |
| Tipo de ítem | Libro |
| Koha issues (borrowed), all copies | 1 |
| Sistema de clasificación | Local |
| Withdrawn status | Lost status | Sistema de Clasificación | Damaged status | No para préstamo | Colección | Inventariado | Ubicación Permanente | Ubicación actual | Fecha de adquisición | Fuente de Valor | Valor | Total Checkouts | Número topográfico | Inventario / Código de Barras | Date last seen | Ejemplar | Price effective from | Forma de adquisición | Tipo de material | Date checked out |
|---|---|---|---|---|---|---|---|---|---|---|---|---|---|---|---|---|---|---|---|---|
| Retirado | Local | Humboldt | Inventariado 2017 | Bogotá | Bogotá | 18/07/2014 | Instituto | 30000.00 | IAvH-IA-0006 | 016005 | 04/12/2012 | Ej. 4 | 04/12/2012 | Institucional | Informe Técnico | |||||
| Retirado | Local | Humboldt | Inventariado 2017 | Bogotá | Bogotá | 18/07/2014 | Instituto | 30000.00 | IAvH-IA-0006 | 016293 | 04/12/2012 | Ej. 5 | 04/12/2012 | Institucional | Informe Técnico | |||||
| Local | Humboldt | Inventariado 2017 | Bogotá | Bogotá | 02/04/1998 | Instituto | 30000.00 | IAvH-IA-0006 | 018249 | 04/12/2012 | Ej. 3 | 04/12/2012 | Institucional | Informe Técnico | ||||||
| Local | Humboldt | Inventariado 2017 | Bogotá | Bogotá | 02/04/1998 | Instituto | 30000.00 | 1 | IAvH-IA-0006 | 016007 | 19/06/2014 | Ej. 2 | 04/12/2012 | Institucional | Informe Técnico | 14/05/2014 | ||||
| Local | Humboldt | Inventariado 2017 | Bogotá | Bogotá | 02/04/1998 | Instituto | 30000.00 | 2 | IAVH-IA-0006 | 018174 | 06/09/2018 | Ej. 1 | 04/12/2012 | Institucional | Informe Técnico | 03/09/2018 | ||||
| Local | Botánica | Inventariado 2017 | Villa de Leyva | Villa de Leyva | 02/04/1998 | CID Humboldt | IAVH-00006 2002 | 016006 | 04/12/2012 | Ej. 2 | 04/12/2012 | Informe Técnico |